|
|
|
|
| LEADER |
00000nam0a2200000 4500 |
| 001 |
269662 |
| 005 |
20231101234256.0 |
| 010 |
|
|
|a 9785911349554
|
| 010 |
|
|
|a 978-5-16-010199-6
|
| 035 |
|
|
|a (RuTPU)RU\TPU\book\292839
|
| 090 |
|
|
|a 269662
|
| 100 |
|
|
|a 20140922d2015 m y0rusy50 ca
|
| 101 |
0 |
|
|a rus
|
| 102 |
|
|
|a RU
|
| 105 |
|
|
|a y j 001zy
|
| 200 |
1 |
|
|a Креативный менеджмент. Социальные, психологические и творческие аспекты экономики труда
|e учебное пособие
|f А. М. Афонин [и др.]
|
| 210 |
|
|
|a Москва
|c Инфра-М
|c Форум
|d 2015
|
| 215 |
|
|
|a 272 с.
|
| 225 |
1 |
|
|a Высшее образование. Бакалавриат
|
| 320 |
|
|
|a Библиогр.: с. 268-269.
|
| 330 |
|
|
|a В учебном пособии рассмотрены закономерности и методы управления коллективным творческим процессом, а также логико-психологиче ские и социальные условия, необходимые для осуществления новаций, развития межличностных отношений специалистов, научных сотрудников и других членов трудовых коллективов организаций и предприятий. Пособие подготовлено с учетом требований Федерального государственного образовательного стандарта третьего поколения по направлению «Менеджмент» (вариативная часть) и будет полезным для магистров, бакалавров, студентов средних специальных учебных заведений по экономическим и профильным техническим специальностям в области транспортных машин.
|
| 606 |
1 |
|
|a Труд
|x Экономика
|y Россия
|2 stltpush
|3 (RuTPU)RU\TPU\subj\37095
|9 58241
|
| 610 |
1 |
|
|a управление
|
| 610 |
1 |
|
|a креативный менеджмент
|
| 610 |
1 |
|
|a творчество
|
| 610 |
1 |
|
|a социальные аспекты
|
| 610 |
1 |
|
|a психология
|
| 610 |
1 |
|
|a рабочая сила
|
| 610 |
1 |
|
|a воспроизводство
|
| 610 |
1 |
|
|a НИР
|
| 610 |
1 |
|
|a ОКР
|
| 610 |
1 |
|
|a организационные структуры
|
| 610 |
1 |
|
|a творческие коллективы
|
| 610 |
1 |
|
|a малые группы
|
| 610 |
1 |
|
|a креативные решения
|
| 610 |
1 |
|
|a новые продукты
|
| 610 |
1 |
|
|a учебные пособия
|
| 686 |
|
|
|a У9(2)24я73
|v LBC/SL-A
|2 rubbk
|
| 701 |
|
1 |
|a Афонин
|b А. М.
|g Александр Михайлович
|
| 701 |
|
1 |
|a Царегородцев
|b Ю. Н.
|g Юрий Николаевич
|
| 701 |
|
1 |
|a Афонина
|b В. Е.
|g Валентина Евгеньевна
|
| 701 |
|
1 |
|a Башина
|b О. Э.
|g Ольга Эмильевна
|
| 701 |
|
1 |
|a Петрова
|b А. М.
|g Алла Медхатовна
|
| 801 |
|
1 |
|a RU
|b 63413507
|c 20140922
|
| 801 |
|
2 |
|a RU
|b 63413507
|c 20150624
|g RCR
|
| 900 |
|
|
|a Креативный менеджмент
|
| 942 |
|
|
|c BK
|
| 951 |
|
|
|a 551400
|b 190100
|b 190109
|l 8
|
| 959 |
|
|
|a 130/20140919
|d 2
|e 329,90
|f ЧЗГЛ:1
|f АНЛ:1
|